000 00647cam a22002052 4500
001 0000002434
005 20151217151854.0
008 070411s xx 000 0 eng d
020 _a0758358412 :
_cKES 1,620
040 _aKABU
_cKABU
050 0 _aHF5657.4
_b.A871
110 2 _aAssociation of Chartered Certified Accountants.
_@0000150503
245 1 0 _aACCA paper 3.3 performance management.
260 _aFelham :
_bFoulks Lynch,
_c2003.
300 _axvi, 210 p.
650 0 _aManagerial accounting
_xExaminations, questions, etc.
_@0000151798
908 _a070411
950 _@1
999 _c5853
_d5853